|
|
|
|
| LEADER |
01143nam a2200265 a 4500 |
| 001 |
4453821 |
| 008 |
100920s1996 nyua 001 0 eng d |
| 010 |
|
|
|a 95045913
|
| 020 |
|
|
|a 0471126195 (alk. paper)
|
| 020 |
|
|
|a 0471126217 (pbk. : alk. paper)
|
| 040 |
|
|
|a DLC
|c DLC
|d DLC
|d DB-DhAAL
|
| 082 |
0 |
0 |
|a 001/.068/8
|2 20
|
| 100 |
1 |
|
|a Franklin, Reece A.
|
| 245 |
1 |
4 |
|a The consultant's guide to publicity :
|b how to make a name for yourself by promoting your expertise /
|c Reece Franklin.
|
| 260 |
|
|
|a New York :
|b John Wiley & Sons,
|c 1996.
|
| 300 |
|
|
|a xii, 260 p.
|b :ill. ;
|c 24 cm.
|
| 504 |
|
|
|a Includes index.
|
| 541 |
1 |
|
|e 00008016
|
| 650 |
|
0 |
|a Consultants
|x Marketing.
|
| 650 |
|
0 |
|a Public relations.
|
| 650 |
|
0 |
|a Publicity.
|
| 852 |
4 |
|
|a Ayesha Abed Library
|j General Shelf.
|
| 999 |
|
|
|c 9498
|d 9498
|
| 952 |
|
|
|0 0
|1 0
|2 ddc
|4 0
|6 001_068800000000000_FRA_1996
|7 0
|9 11917
|a BRACUL
|b BRACUL
|c GEN
|d 2010-09-21
|l 1
|o 001.0688 FRA
|p 3010008016
|r 2016-11-08
|s 2016-11-08
|t 1
|w 2010-09-21
|y BK
|
| 952 |
|
|
|0 0
|1 0
|2 ddc
|4 0
|6 001_068800000000000_FRA_1996
|7 0
|9 11932
|a BRACUL
|b BRACUL
|c GEN
|d 2010-09-21
|l 1
|m 2
|o 001.0688 FRA
|p 3010008017
|r 2018-11-08
|s 2016-09-06
|t 2
|w 2010-09-21
|y BK
|